Catálogo
 En Linea

El deporte dominicano y su entorno / (Registro nro. 44309)

Detalles MARC
000 -CABECERA
campo de control de longitud fija 01982nam a2200337 i 4500
001 - NÚMERO DE CONTROL
campo de control 000044820
003 - IDENTIFICADOR DEL NÚMERO DE CONTROL
campo de control DO-SdBNP
005 - FECHA Y HORA DE LA ÚLTIMA TRANSACCIÓN
campo de control 20250624150534.0
007 - CAMPO FIJO DE DESCRIPCIÓN FÍSICA--INFORMACIÓN GENERAL
campo de control de longitud fija ta
008 - DATOS DE LONGITUD FIJA--INFORMACIÓN GENERAL
campo de control de longitud fija 150113s2014 dr ac r 001 0 spa d
020 ## - NÚMERO INTERNACIONAL ESTÁNDAR DEL LIBRO
Número Internacional Estándar del Libro 9789945081251
040 ## - FUENTE DE LA CATALOGACIÓN
Centro catalogador/agencia de origen DO-SdBNP
Lengua de catalogación spa
Centro/agencia transcriptor BNPHU
Normas de descripción rda
041 ## - CÓDIGO DE LENGUA
Código de lengua del texto/banda sonora o título independiente spa
082 #4 - NÚMERO DE LA CLASIFICACIÓN DECIMAL DEWEY
Número de clasificación 796.097293
Número de documento/Ítem M516d
Número de edición 22
100 1# - ENTRADA PRINCIPAL--NOMBRE DE PERSONA
Nombre de persona Mejía A., Gonzalo,
Fechas asociadas al nombre 1947-
9 (RLIN) 72843
Código de función/relación aut.
Término indicativo de función/relación autor
245 13 - MENCIÓN DE TÍTULO
Título El deporte dominicano y su entorno /
Mención de responsabilidad, etc. Gonzalo Mejía A.
264 ## - PRODUCCIÓN, PUBLICACIÓN, DISTRIBUCIÓN, FABRICACIÓN Y COPYRIGHT
Producción, publicación, distribución, fabricación y copyright Santo Domingo :
Nombre del de productor, editor, distribuidor, fabricante Editora Búho,
Fecha de producción, publicación, distribución, fabricación o copyright 2014.
300 ## - DESCRIPCIÓN FÍSICA
Extensión 2 volúmenes :
Otras características físicas ilustraciones, fotos ;
Dimensiones 28 cm.
336 ## - TIPO DE CONTENIDO
Término de tipo de contenido texto
Código de tipo de contenido txt
Fuente rdacontent
337 ## - TIPO DE MEDIO
Nombre/término del tipo de medio sin mediación
Código del tipo de medio n
Fuente rdamedia
338 ## - TIPO DE SOPORTE
Nombre/término del tipo de soporte volumen
Código del tipo de soporte nc
Fuente rdacarrier
500 ## - NOTA GENERAL
Nota general Incluye datos biográficos del autor en la solapa de la cubierta
500 ## - NOTA GENERAL
Nota general Incluye índice general y temático
504 ## - NOTA DE BIBLIOGRAFÍA, ETC.
Nota de bibliografía, etc. Bibliografía: v.1. p.422-423 ; v.2. p. 651
505 ## - NOTA DE CONTENIDO CON FORMATO
Información miscelánea v.1.
Título v.1. Hasta 1963
-- Dedicatoria --
-- Agradecimientos --
-- Introducción --
-- Capitulo I. los albores --
-- Capitulo II - Ocupación militar de Estados Unidos de América. 1916-1924 --
-- Capitulo III - Gobierno de Horacio Vásquez, 1924-1930 --
-- Capitulo IV . era de Trujillo, 1930-1961 --
-- Capitulo V. Fin de la Era de Trujillo y un ejercicio de democracia. 1962-1963 --
-- Anexos --
-- Apéndice - Apodos, sobrenombres y seudónimos --
-- Bibliografía --
-- Índice temático.
Información miscelánea v.2.
Título 1964-1986
505 ## - NOTA DE CONTENIDO CON FORMATO
Información miscelánea v.2.
Título v.2. Dedicatoria --
-- Agradecimientos --
-- Presentación --
-- Índice general y temático : Índice temático 1964 al 1966 ; Índice temático 1966 al 1978 ; Índice temático 1978 al 1986 --
-- Capítulo I - Triunvirato - Guerra de abril - Gobierno provisional --
-- Capítulo II - Doce años de Balaguer --
-- Capítulo III - los gobiernos del PRD --
-- Bibliografía.
590 ## - NOTA LOCAL (RLIN)
Nota local Inventariado, 2020/BT
650 #4 - PUNTO DE ACCESO ADICIONAL DE MATERIA--TÉRMINO DE MATERIA
Término de materia o nombre geográfico como elemento de entrada Deporte
Subdivisión geográfica República Dominicana
Subdivisión general Historia
Subdivisión cronológica Hasta,1963
9 (RLIN) 78450
910 ## - DATOS DE OPCIÓN DEL USUARIO (OCLC)
Datos de opción del usuario Validado. Control de calidad MFF
942 ## - ELEMENTOS DE PUNTO DE ACCESO ADICIONAL (KOHA)
Fuente del sistema de clasificación o colocación Dewey Decimal Classification
Tipo de ítem Koha Libro
Existencias
Estado de retiro Estado de pérdida Fuente del sistema de clasificación o colocación Restricciones de uso No para préstamo Código de colección Localización permanente Ubicación/localización actual Ubicación en estantería Fecha de adquisición Total de préstamos Signatura topográfica completa Código de barras Fecha visto por última vez Número de copia Precio válido a partir de Tipo de ítem Koha
    Dewey Decimal Classification Préstamo en sala   Dominicana de Servicio Biblioteca Nacional Pedro Henríquez Ureña Biblioteca Nacional Pedro Henríquez Ureña Depósito 13.01.2015   BNPHU DS 796.097293 M516d 2014 44820-30 25.06.2020 v.1, e.3 25.06.2020 Libro
    Dewey Decimal Classification Préstamo en sala   Dominicana de Servicio Biblioteca Nacional Pedro Henríquez Ureña Biblioteca Nacional Pedro Henríquez Ureña Depósito 26.04.2019   BNPHU DS 796.097293 M516d 2014 44820-40 25.06.2020 v.1, e.4 25.06.2020 Libro
    Dewey Decimal Classification Préstamo en sala   Dominicana de Servicio Biblioteca Nacional Pedro Henríquez Ureña Biblioteca Nacional Pedro Henríquez Ureña Depósito 26.04.2019   BNPHU DS 796.097293 M516d 2014 44820-50 25.06.2020 v.1, e.5 25.06.2020 Libro
    Dewey Decimal Classification Excluido de préstamo   Patrimonio Dominicano Biblioteca Nacional Pedro Henríquez Ureña Biblioteca Nacional Pedro Henríquez Ureña Depósito 13.01.2015   BNPHU PD 796.097293 M516d 2014 44820-10 25.06.2020 v.1 25.06.2020 Libro
    Dewey Decimal Classification Excluido de préstamo   Patrimonio Dominicano Biblioteca Nacional Pedro Henríquez Ureña Biblioteca Nacional Pedro Henríquez Ureña Depósito 13.01.2015   BNPHU PD 796.097293 M516d 2014 44820-20 25.06.2020 v.1, e.2 25.06.2020 Libro
    Dewey Decimal Classification Excluido de préstamo   Patrimonio Dominicano Biblioteca Nacional Pedro Henríquez Ureña Biblioteca Nacional Pedro Henríquez Ureña Depósito 22.04.2021   BNPHU PD 796.097293 M516d 2020 2021-1572 22.04.2021 v.2 22.04.2021 Libro
    Dewey Decimal Classification Excluido de préstamo   Patrimonio Dominicano Biblioteca Nacional Pedro Henríquez Ureña Biblioteca Nacional Pedro Henríquez Ureña Depósito 22.04.2021   BNPHU PD 796.097293 M516d 2020 2021-1575 22.04.2021 v.2, e.2 22.04.2021 Libro
    Dewey Decimal Classification Préstamo en sala   Dominicana de Servicio Biblioteca Nacional Pedro Henríquez Ureña Biblioteca Nacional Pedro Henríquez Ureña Depósito 22.04.2021   BNPHU DS 796.097293 M516d 2020 2021-1576 22.04.2021 v.2, e.3 22.04.2021 Libro

Con tecnología Koha